El nuevo espíritu del capitalismo /

Con demasiada frecuencia atada a viejos esquemas de análisis, la crítica conduce a numerosos activistas a replegarse sobre modalidades de defensa eficaces en el pasado, pero no en la actualidad ante las nuevas formas asumidas por el capitalismo tras los formidables procesos de reestructuración exper...

Celý popis

Uloženo v:
Podrobná bibliografie
Hlavní autor: Boltanski, Luc
Další autoři: Chiapello, Eve
Médium: Neznámo
Jazyk:Spanish
Vydáno: Madrid, España : Ediciones Akal, 2002
Edice:Cuestiones de Antagonismo 13
Témata:
Tagy: Přidat tag
Žádné tagy, Buďte první, kdo vytvoří štítek k tomuto záznamu!

MARC

LEADER 00000 a2200000 04500
001 40812
003 cru CIDCACS/IIS
005 20230606103426.0
008 050624e20021999sp spa d
020 |a 84-490-1558-7  
040 |c CRAI/IIS 
090 |a 03.03.01 B694n  
100 |a Boltanski, Luc  
245 |a El nuevo espíritu del capitalismo /   |c Luc Boltanski ; Eve Chiapello  
260 |a Madrid, España :   |b Ediciones Akal,   |c 2002 
300 |a 717 páginas  
440 |a Cuestiones de Antagonismo   |v 13  
520 |a Con demasiada frecuencia atada a viejos esquemas de análisis, la crítica conduce a numerosos activistas a replegarse sobre modalidades de defensa eficaces en el pasado, pero no en la actualidad ante las nuevas formas asumidas por el capitalismo tras los formidables procesos de reestructuración experimentados durante los últimos treinta años. En este libro se trazan los contornos del nuevo espíritu del capitalismo a partir de un análisis inédito de los textos de gestión empresarial que han alimentado la reflexión de la patronal, inspirando los nuevos modos de organización de las empresas y redefinido el nuevo estatuto de la fuerza de trabajo explotada en las mismas: desde mediados de la década de 1970, el capitalismo ha renunciado al principio fordista de la organización jerárquica del trabajo para desarrollar una nueva organización en red, fundada sobre la iniciativa de los actores y la autonomía relativa de su trabajo, todo ello al precio de su seguridad material y psicológica.  
590 |a DISEMINAR012011/RRA/FEBRERO2011  
650 |a CAPITALISMO  
650 |a SOCIEDAD POSTINDUSTRIAL  
650 |a CAMBIO SOCIAL  
650 |a CAMBIO ECONOMICO  
650 |a COMPORTAMIENTO SOCIAL  
650 |a CONDICIONES DEL TRABAJO  
650 |a EXCLUSION SOCIAL  
700 |a Chiapello, Eve  
942 |2 ddc  |c LI  |h 03.03.01 B694n   |i 11918  |6 030301_B694N_11918 
999 |c 11234  |d 11234